000 00611nam a22001817a 4500
005 20251108172749.0
008 250721s2002 xx 000 0 ara d
082 1 4 _a811.06009/داو
100 1 _aداود، أماني سليمان
_eمؤلف
245 1 0 _aالأسلوبية و الصوفية :
_bدراسة في شعر الحسين بن منصور الحلاج /
264 1 _aعمان :
_bدار مجدلاوي،
_c2002.
300 _a150ص.
650 1 7 _aالشعر العربي
650 1 7 _aالتصوف الإسلامي
650 1 7 _aالنقد الأدبي
942 _2ddc
_cBK
999 _c87910
_d87910